000 00284nam a22001337a 4500
008 170907b xxu||||| |||| 00| 0 eng d
020 _a9780072862591
041 _aeng
080 _28TH
_a91
100 _a42
101 _aGJEO
245 _aEUROPE
_cFRANKLAND,E.G
942 _2udc
_cBK
999 _c26607
_d26607